| 000 | 00375nam a2200133Ia 4500 | ||
|---|---|---|---|
| 003 | GCL | ||
| 008 | 140319s9999 xx 000 0 ara d | ||
| 040 |
_aGCL / _cGCL |
||
| 082 | 0 | 4 |
_a791.43 _bا م |
| 245 | 1 | 0 | _aمذكرات رقيبة سينما 30 عاما |
| 260 |
_a[S.N] : _bالهيئة المصرية العامة للكتاب ، _c1985 |
||
| 300 | _a439 ص | ||
| 490 | _a | ||
| 999 |
_c55959 _d55959 |
||